Standard method of Measurement: Questions and Answers (Record no. 87038)

MARC details
000 -LEADER
fixed length control field 00532cam a2200205 4500
001 - CONTROL NUMBER
control field D8420
008 - FIXED-LENGTH DATA ELEMENTS--GENERAL INFORMATION
fixed length control field 090401t1981 xxu||||| |||| 00| 0 eng d
035 ## - SYSTEM CONTROL NUMBER
System control number (Sirsi) u12892
041 ## - LANGUAGE CODE
Language code of text/sound track or separate title eng
050 ## - LIBRARY OF CONGRESS CALL NUMBER
Classification number 690.3
110 ## - MAIN ENTRY--CORPORATE NAME
Corporate name or jurisdiction name as entry element Royal Institution of Chartered Surveyors
9 (RLIN) 4900
245 ## - TITLE STATEMENT
Title Standard method of Measurement: Questions and Answers
250 ## - EDITION STATEMENT
Edition statement 6th
260 ## - PUBLICATION, DISTRIBUTION, ETC.
Place of publication, distribution, etc. London
Name of publisher, distributor, etc. RICS
Date of publication, distribution, etc. 1981
300 ## - PHYSICAL DESCRIPTION
Extent 6p. 30cm
350 ## - PRICE (NR) (BK AM CF MU VM SE) [OBSOLETE]
Price 0
520 ## - SUMMARY, ETC.
Summary, etc. Caption title; Filed at SMM 1981/1 B,C,D
942 ## - ADDED ENTRY ELEMENTS (KOHA)
Suppress in OPAC 0
948 ## - LOCAL PROCESSING INFORMATION (OCLC); SERIES PART DESIGNATOR (RLIN)
c (OCLC) 04/03/1997
Holdings
Withdrawn status Lost status Source of classification or shelving scheme Damaged status Not for loan Home library Current library Shelving location Date acquired Total Checkouts Full call number Barcode Date last seen Copy number Price effective from Koha item type
    Other/Generic Classification Scheme     London London Boxed set 15/01/1992   SMM 1981/1 30032311 06/08/2019 1 06/08/2019 Reference material
    Other/Generic Classification Scheme     London London Boxed set 15/01/1992   SMM 1981/1 30032307 06/08/2019 2 06/08/2019 Reference material
    Other/Generic Classification Scheme     London London Boxed set 14/09/1999   SMM 1981/1 30032289 06/08/2019 3 06/08/2019 Book
    Other/Generic Classification Scheme     London London Boxed set 14/09/1999   SMM 1981/1 30032316 06/08/2019 4 06/08/2019 Book
    Other/Generic Classification Scheme     London London Boxed set 14/09/1999   SMM 1981/1 30032293 06/08/2019 5 06/08/2019 Book